Statistics for Gymnastics World Championships Locations

Click here to take the quiz!

General Stats

  • This quiz has been taken 299 times
    (56 since last reset)
  • The average score is 19 of 51

Answer Stats

YearAnswer% Correct
2009London
84%
2011Tokyo
80%
1913Paris
73%
1992Paris
73%
1954Rome
64%
1981Moscow
61%
1958Moscow
61%
2017Montreal
59%
1985Montreal
59%
2019Stuttgart
57%
2007Stuttgart
57%
1989Stuttgart
57%
1903Antwerp
55%
2013Antwerp
55%
2018Doha
52%
2015Glasgow
52%
2022Liverpool
45%
2005Melbourne
41%
1983Budapest
36%
1934Budapest
36%
2014Nanning
36%
1994Brisbane
34%
1907Prague
34%
1962Prague
34%
1938Prague
34%
1993Birmingham
32%
1987Rotterdam
32%
2010Rotterdam
32%
2003Anaheim
30%
1926Lyon
30%
1991Indianapolis
27%
2021Kitakyushu
27%
1979Fort Worth
25%
2001Ghent
25%
1996San Juan
25%
2006Aarhus
20%
1997Lausanne
20%
1995Sabae
20%
1999Tianjin
20%
1909Turin
20%
1974Varna
18%
2002Debrecen
16%
1922Ljubljana
16%
1970Ljubljana
16%
1978Strasbourg
16%
1950Basel
14%
1966Dortmund
14%
1994Dortmund
14%
1905Bordeaux
9%
1911Luxembourg
9%
1930Luxembourg
9%

Score Distribution

Percentile by Number Answered

Percent of People with Each Score

Your Score History

You have not taken this quiz since the last reset